[Event "1. liga V 18/19, Polabiny-Kromeriz"]
[Site ""]
[Date "2019.01.20"]
[Round "6.2"]
[White "Cvek, Robert"]
[Black "Ludvik, Tomas"]
[Result "1-0"]
[WhiteElo "2514"]
[BlackElo "2089"]
[PlyCount "0"]
[WhiteTeam "Slavia Kromeriz"]
[BlackTeam "2222 SK Polabiny "C""]
[EventDate "2018.10.21"]

1. Nf3 Nf6 2. c4 e6 3. g3 d5 4. Bg2 Be7 5. O-O O-O 6. d4 dxc4 7. Qa4 a6 8. Qxc4
b5 9. Qc2 Bb7 10. Bd2 Be4 11. Qc1 Bb7 12. Rd1 Qc8 13. a3 c5 14. dxc5 Bxc5 15.
b4 Be7 16. Nc3 Nbd7 17. Be3 Bc6 18. Bh3 Qc7 19. Nd4 Bb7 20. Ne4 Rac8 21. Qxc7
Rxc7 22. Ng5 Rfc8 23. Ndxe6 fxe6 24. Bxe6+ Kf8 25. Bf4 h6 26. Bxc7 Rxc7 27. Nf3
Nb6 28. Rac1 Bd6 (28... Rxc1 29. Rxc1 Bd6 30. Bb3 g6 31. Nd4 Ke7 32. f3 Nfd5
33. e4 Ne3 34. Nc6+ Kd7 35. Na5 Ba8 36. Kf2 Nec4 37. Nxc4 Nxc4 38. Bxc4 bxc4
39. Rxc4 Bc6 40. f4 Bb5 41. Rc3 Bc7 42. Kf3 Bc6 43. h4 h5 44. Rc5 Bd8 45. f5 g5
46. hxg5 Bxg5 47. Ra5 Bb7 48. b5 axb5 49. Rxb5 Bc6 50. Re5 Bc1 51. f6 Bxa3 52.
f7 Kd8 53. Kf4 Be7 54. Kf5 Bd7+ 55. Kg6 Bf8 56. Kh7) 29. Bb3 g6 30. Nd4 Ke7 31.
f3 Nfd5 32. e4 Nc3 1-0

[Event "1. liga V 18/19, Polabiny-Kromeriz"]
[Site ""]
[Date "2019.01.20"]
[Round "6.3"]
[White "Cerny, David"]
[Black "Dvorak, Martin"]
[Result "1/2-1/2"]
[WhiteElo "2081"]
[BlackElo "2168"]
[PlyCount "0"]
[WhiteTeam "2222 SK Polabiny "C""]
[BlackTeam "Slavia Kromeriz"]
[EventDate "2018.10.21"]

1. e4 d5 2. exd5 Nf6 3. Nf3 Nxd5 4. Nc3 g6 5. g3 Bg7 6. Bg2 Nc6 7. O-O O-O 8.
Re1 Nxc3 9. bxc3 e5 10. Rb1 Re8 11. d4 Rb8 12. Bg5 f6 13. Be3 Be6 1/2-1/2

[Event "1. liga V 18/19, Polabiny-Kromeriz"]
[Site ""]
[Date "2019.01.20"]
[Round "6.4"]
[White "Pastircak, Milan"]
[Black "Pulpan, Matej"]
[Result "1/2-1/2"]
[WhiteElo "2285"]
[BlackElo "2077"]
[PlyCount "0"]
[WhiteTeam "Slavia Kromeriz"]
[BlackTeam "2222 SK Polabiny "C""]
[EventDate "2018.10.21"]

1. Nf3 Nf6 2. g3 g6 3. b3 Bg7 4. Bb2 O-O 5. Bg2 d6 6. d4 Bd7 7. O-O Qc8 8. c4
Bh3 9. Nc3 Bxg2 10. Kxg2 c6 11. Rc1 Qc7 12. Qd2 Nbd7 13. Rfd1 Rad8 14. d5 Nc5
15. b4 Nce4 16. Qe3 Nxc3 17. Bxc3 Qb6 1/2-1/2

[Event "1. liga V 18/19, Polabiny-Kromeriz"]
[Site ""]
[Date "2019.01.20"]
[Round "6.5"]
[White "Gloser, David"]
[Black "Mudrak, Josef"]
[Result "0-1"]
[WhiteElo "2148"]
[BlackElo "2245"]
[PlyCount "0"]
[WhiteTeam "2222 SK Polabiny "C""]
[BlackTeam "Slavia Kromeriz"]
[EventDate "2018.10.21"]

1. e4 c5 2. Nf3 Nc6 3. c3 d5 4. exd5 Qxd5 5. d4 e5 6. Nxe5 Nxe5 7. dxe5 Qxe5+
8. Be3 Bd7 9. Na3 O-O-O 10. Qf3 Bc6 11. Qh3+ f5 12. Qg3 Qe7 13. Rd1 Rxd1+ 
14. Kxd1 Nf6 15. Bd3 Be4 16.Bxe4 Nxe4 17. Qf3 g6 18. Qe2 0-1

[Event "1. liga V 18/19, Polabiny-Kromeriz"]
[Site ""]
[Date "2019.01.20"]
[Round "6.6"]
[White "Kapusta, Petr"]
[Black "Mojzis, Jaroslav"]
[Result "1/2-1/2"]
[WhiteElo "2211"]
[BlackElo "2098"]
[PlyCount "0"]
[WhiteTeam "Slavia Kromeriz"]
[BlackTeam "2222 SK Polabiny "C""]
[EventDate "2018.10.21"]

1. e4 e5 2. Nf3 Nc6 3. d4 exd4 4. c3 d5 5. exd5 Qxd5 6. cxd4 Bb4+ 7. Nc3 Bg4 8.
Be2 Bxf3 9. Bxf3 Qc4 10. Qb3 Qxb3 11. Bxc6+ bxc6 12. axb3 Ne7 13. O-O O-O 14.
Ra6 Nf5 15. Be3 c5 16. d5 Nxe3 17. fxe3 Rfe8 18. Rfa1 g6 19. Kf2 Rab8 20. Rxa7
Bxc3 21. bxc3 Rxb3 22. Rxc7 Rxc3 23. Rd1 Rexe3 24. Rxc5 Rxc5 25. Kxe3 Kf8 26.
Kd4 Rc2 27. Re1 Rxg2 28. h3 Rd2+ 29. Kc5 f5 30. Kd6 f4 31. Re4 g5 32. Re5 h6
33. h4 gxh4 34. Rf5+ Kg7 35. Rxf4 h3 36. Ke6 Kg6 37. Rf3 h2 38. Rg3+ Kh5 39.
Rh3+ Kg5 40. d6 h5 41. d7 Re2+ 42. Kf7 Rf2+ 43. Ke7 Re2+ 44. Kf7 Rf2+ 1/2-1/2

[Event "1. liga V 18/19, Polabiny-Kromeriz"]
[Site ""]
[Date "2019.01.20"]
[Round "6.7"]
[White "Kourek, Josef"]
[Black "Karlik, Vladimir"]
[Result "1/2-1/2"]
[WhiteElo "2115"]
[BlackElo "2171"]
[PlyCount "0"]
[WhiteTeam "2222 SK Polabiny "C""]
[BlackTeam "Slavia Kromeriz"]
[EventDate "2018.10.21"]

1. d4 g6 2. Nf3 Bg7 3. g3 d6 4. Bg2 Nf6 5. O-O O-O 6. c4 c5 7. Nc3 Bf5 
8. h3 Qc8 9. Kh2 Re8 10. Nh4 Bd7 11. e4 e5 1/2-1/2

[Event "1. liga V 18/19, Polabiny-Kromeriz"]
[Site ""]
[Date "2019.01.20"]
[Round "6.8"]
[White "Cagasik, Tomas"]
[Black "Vesely, Tomas"]
[Result "1-0"]
[WhiteElo "2188"]
[BlackElo "2055"]
[PlyCount "0"]
[WhiteTeam "Slavia Kromeriz"]
[BlackTeam "2222 SK Polabiny "C""]
[EventDate "2018.10.21"]

1. d4 b6 2. e4 Bb7 3. Bd3 e6 4. Nf3 c5 5. c3 Nf6 6. Qe2 Be7 7. Bg5 h6 8. Bh4
Nh5 9. Bxe7 Qxe7 10. g3 Nc6 11. O-O Nf6 12. Nbd2 O-O 13. a3 d6 14. Ba6 cxd4 15.
cxd4 d5 16. Bxb7 Qxb7 17. e5 Nh7 18. Qd3 Rac8 19. Nh4 Na5 20. b4 Nc4 21. Nb1
Qa6 22. Qb3 Rc7 23. Ra2 Rfc8 24. f4 b5 25. Raf2 Nb6 26. f5 Ng5 27. Kg2 Ne4 
28. Re2 Nc3 29. Rc2 Nba4 1-0

[Event "1. liga V 18/19, Kromeriz-Jundrov"]
[Site ""]
[Date "2019.02.03"]
[Round "7.1"]
[White "Malinovsky, Karel"]
[Black "Pisk, Petr"]
[Result "1-0"]
[WhiteElo "2459"]
[BlackElo "2330"]
[PlyCount "0"]
[WhiteTeam "Slavia Kromeriz"]
[BlackTeam "Jezdci Jundrov"]
[EventDate "2018.10.21"]

1. e4 c5 2. Nf3 d6 3. d4 cxd4 4. Nxd4 Nf6 5. Nc3 g6 6. Be3 Bg7 7. f3 O-O 8. Qd2
Nc6 9. O-O-O d5 10. Qe1 e5 11. Nxc6 bxc6 12. exd5 Nxd5 13. Bc4 Be6 14. Ne4 Qc7
15. Bc5 Rfd8 16. g4 h6 17. Rg1 Rd7 18. h4 Rad8 19. g5 h5 20. Bb3 Nf4 21. Rxd7
Qxd7 22. Bxe6 Qxe6 23. b3 Rd5 24. Rh1 Qd7 25. Qf2 a5 26. a4 Qe6 27. Ba3 Rd4 28.
Bb2 Rd5 29. Bc3 Qe7 30. Re1 Qa3+ 31. Kb1 Qe7 32. Qb6 Qd7 33. Bxa5 Rd1+ 34. Rxd1
Qxd1+ 35. Kb2 Ne2 36. Qd8+ Qxd8 37. Bxd8 1-0

[Event "1. liga V 18/19, Kromeriz-Jundrov"]
[Site ""]
[Date "2019.02.03"]
[Round "7.2"]
[White "Novosadova, Kristyna"]
[Black "Cvek, Robert"]
[Result "0-1"]
[WhiteElo "2232"]
[BlackElo "2512"]
[PlyCount "0"]
[WhiteTeam "Jezdci Jundrov"]
[BlackTeam "Slavia Kromeriz"]
[EventDate "2018.10.21"]

1. e4 e6 2. d4 d5 3. exd5 exd5 4. c4 Nf6 5. Nc3 Bb4 6. Qb3 Nc6 7. Be3 O-O 8.
Nf3 Be6 9. c5 Ne4 10. Qc2 b6 11. Bb5 Ne7 12. O-O bxc5 13. Nxe4 dxe4 14. Ng5
cxd4 15. Qxe4 Bf5 16. Qxd4 Qxd4 17. Bxd4 Rfd8 18. Be3 h6 19. Nf3 Nd5 20. Nd4
Bd7 21. Bc6 Nxe3 22. fxe3 Rac8 23. Bd5 Be8 24. Bc4 Bc5 25. Rf4 Rd7 26. Raf1 Re7
27. R1f3 g6 28. Rg4 Kh7 29. h4 f5 30. Rgf4 Bd6 31. Nxf5 gxf5 32. Rxf5 Bg6 33.
Ra5 Be4 34. Rf6 Kg7 35. Rf1 Rb8 36. b3 Bb7 37. Rxa7 Bc5 38. Ra5 Bxe3+ 39. Kh2
Rd8 0-1

[Event "1. liga V 18/19, Kromeriz-Jundrov"]
[Site ""]
[Date "2019.02.03"]
[Round "7.3"]
[White "Lanc, Alois"]
[Black "Musil, Jiri"]
[Result "0-1"]
[WhiteElo "2286"]
[BlackElo "2187"]
[PlyCount "0"]
[WhiteTeam "Slavia Kromeriz"]
[BlackTeam "Jezdci Jundrov"]
[EventDate "2018.10.21"]

1. e4 c5 2. Nf3 d6 3. d4 cxd4 4. Nxd4 Nf6 5. Nc3 a6 6. f4 e6 7. Qf3 Qc7 8. g4
b5 9. g5 Nfd7 10. Bg2 Nb6 11. O-O N8d7 12. a3 Bb7 13. Qh3 O-O-O 14. g6 e5 15.
Nf3 f6 16. gxh7 Be7 17. Rd1 Kb8 18. Rb1 Nf8 19. fxe5 Rxh7 20. Qg3 dxe5 21.
Rxd8+ Qxd8 22. Be3 Nc4 23. Bf2 g5 24. a4 b4 25. Nd5 Ne6 26. Ne1 Nf4 27. Nxf4
exf4 28. Qg4 Ne3 29. Bxe3 fxe3 30. Rd1 Qc7 31. Rd7 Qxh2+ 32. Kf1 Bc8 33. Qe6
Bxd7 34. Qxd7 Bc5 35. Qd8+ Ka7 36. e5 Qg1+ 37. Kxg1 e2+ 0-1

[Event "1. liga V 18/19, Kromeriz-Jundrov"]
[Site ""]
[Date "2019.02.03"]
[Round "7.4"]
[White "Hosek, Martin"]
[Black "Dvorak, Martin"]
[Result "0-1"]
[WhiteElo "2161"]
[BlackElo "2163"]
[PlyCount "0"]
[WhiteTeam "Jezdci Jundrov"]
[BlackTeam "Slavia Kromeriz"]
[EventDate "2018.10.21"]

1. d4 d5 2. c4 c6 3. Nf3 Nf6 4. Nc3 dxc4 5. a4 Bf5 6. e3 e6 7. Bxc4 h6 8. O-O
Nbd7 9. Qe2 Bb4 10. e4 Bh7 11. d5 Nc5 12. dxe6 fxe6 13. Be3 Qe7 14. e5 Nd5 15.
Bxd5 cxd5 16. Nxd5 exd5 17. Qb5+ Nd7 18. e6 Bd6 19. Qxb7 O-O 20. Qxd7 Qxd7 21.
exd7 Rfd8 22. Nd4 Rxd7 23. Rfc1 Rb7 24. Rc6 Be5 25. Rc5 Rxb2 26. Rxd5 Rab8 27.
Nb5 R2xb5 28. axb5 Bxa1 29. Bxa7 Rb7 30. Be3 Kf7 31. b6 Ke6 32. Ra5 Bf6 33. f4
Bd8 34. Rb5 Bd3 35. Rb3 Bc4 36. Rb4 Kd5 37. Kf2 Be7 38. Ra4 Bb5 39. Rd4+ Kc6
40. Re4 Bf6 41. g4 Re7 42. Rb4 Bh4+ 43. Kf3 Be1 44. Rb1 Ba5 45. Rc1+ Kb7 46. h4
Bc6+ 47. Kf2 Bxb6 48. Bxb6 Kxb6 49. Rc3 Kc7 50. h5 Kd6 51. Kg3 Re1 52. Ra3 Rg1+
53. Kh3 Re1 54. Kg3 Ke7 55. Ra6 Rc1 56. Ra3 Rg1+ 57. Kh4 Bd7 58. f5 Rd1 59. Kg3
Rd6 60. Rb3 Kf6 61. Kh4 Ke5 62. Kg3 Kf6 63. Kh4 Bc6 64. Re3 Bd5 65. Rc3 Rb6 66.
Re3 Rb4 67. Ra3 Ke5 68. Kg3 Rb3+ 0-1

[Event "1. liga V 18/19, Kromeriz-Jundrov"]
[Site ""]
[Date "2019.02.03"]
[Round "7.5"]
[White "Pastircak, Milan"]
[Black "Skacelik, Petr"]
[Result "1-0"]
[WhiteElo "2282"]
[BlackElo "2182"]
[PlyCount "0"]
[WhiteTeam "Slavia Kromeriz"]
[BlackTeam "Jezdci Jundrov"]
[EventDate "2018.10.21"]

1. d4 Nf6 2. Nf3 g6 3. Bg5 Bg7 4. Nbd2 O-O 5. e4 d6 6. Bd3 h6 7. Bh4 g5 8. Bg3
Nh5 9. Nxg5 Nxg3 10. hxg3 hxg5 11. Qh5 Re8 12. Nf3 e6 13. Nxg5 Qe7 14. f4 Nc6
15. c3 f6 16. O-O-O Bd7 17. e5 Red8 18. Qg6 Be8 19. Rh8+ Kxh8 20. Qh7# 1-0

[Event "1. liga V 18/19, Kromeriz-Jundrov"]
[Site ""]
[Date "2019.02.03"]
[Round "7.6"]
[White "Sedlacek, Petr"]
[Black "Mudrak, Josef"]
[Result "0-1"]
[WhiteElo "2062"]
[BlackElo "2263"]
[PlyCount "0"]
[WhiteTeam "Jezdci Jundrov"]
[BlackTeam "Slavia Kromeriz"]
[EventDate "2018.10.21"]

1. e4 c5 2. Nf3 Nc6 3. d4 cxd4 4. Nxd4 Nf6 5. Nc3 e5 6. Ndb5 d6 7. Bg5 a6 8.
Na3 b5 9. Bxf6 gxf6 10. Nd5 f5 11. exf5 Bxf5 12. c3 Bg7 13. Nc2 O-O 14. g3 Be4
15. f3 Bxd5 16. Qxd5 Ne7 17. Qd3 d5 18. Bg2 Qb6 19. h4 a5 20. O-O-O b4 21. cxb4
axb4 22. Qb3 Rfc8 23. Kb1 Rab8 24. Rd2 Rc5 25. Rhd1 Qg6 26. f4 e4 27. Bh3 Qd6
28. Qe3 Rc3 29. Qxe4 Rxg3 30. Bf1 b3 31. Na3 bxa2+ 32. Kxa2 dxe4 0-1

[Event "1. liga V 18/19, Kromeriz-Jundrov"]
[Site ""]
[Date "2019.02.03"]
[Round "7.7"]
[White "Kapusta, Petr"]
[Black "Tovarek, Antonin"]
[Result "0-1"]
[WhiteElo "2184"]
[BlackElo "1979"]
[PlyCount "0"]
[WhiteTeam "Slavia Kromeriz"]
[BlackTeam "Jezdci Jundrov"]
[EventDate "2018.10.21"]

1. e4 c5 2. Nf3 a6 3. c3 e6 4. d4 d5 5. e5 Nc6 6. Bd3 Qb6 7. O-O Nge7 8. dxc5
Qxc5 9. b4 Qb6 10. a4 Ng6 11. Re1 Be7 12. Na3 O-O 13. Bg5 Qc7 14. b5 Bxg5 15.
Bxg6 fxg6 16. Nxg5 Nxe5 17. Qd4 Rf5 18. b6 Qd6 19. Ne4 Qf8 20. Ng3 Nc6 21. Qd2
Rf4 22. c4 Rd4 23. Qe3 Bd7 24. cxd5 exd5 25. Nc2 Re8 26. Qb3 Rd2 27. Rxe8 Qxe8
28. Re1 Qf7 29. f3 Nd4 30. Nxd4 Rxd4 31. a5 Ba4 32. Qc3 Rc4 33. Qa3 Qf8 34. Re7
Rc1+ 35. Kf2 Rc2+ 36. Kg1 Rc1+ 37. Kf2 Rc2+ 38. Kg1 Qf6 39. Re1 Qd4+ 40. Kh1
Qf2 41. Rg1 Bc6 42. Qe7 h6 43. Qd6 Kh7 44. Qf4 Ra2 45. h4 Ra4 46. Ne4 Rxe4 0-1

[Event "1. liga V 18/19, Kromeriz-Jundrov"]
[Site ""]
[Date "2019.02.03"]
[Round "7.8"]
[White "Chmelicek, Bronislav"]
[Black "Cagasik, Tomas"]
[Result "0-1"]
[WhiteElo "1952"]
[BlackElo "2167"]
[PlyCount "0"]
[WhiteTeam "Jezdci Jundrov"]
[BlackTeam "Slavia Kromeriz"]
[EventDate "2018.10.21"]

1. e4 c6 2. d4 d5 3. exd5 cxd5 4. c4 Nc6 5. Nf3 Nf6 6. Nc3 e6 7. cxd5 Nxd5 8.
Bd3 Be7 9. O-O g5 10. Re1 h6 11. Ne5 Nxe5 12. Rxe5 Bd6 13. Nb5 Bb8 14. Re1 a6
15. Na3 b5 16. Qh5 Qf6 17. Be3 Bd6 18. Be4 Bb7 19. Rac1 Rb8 20. Qf3 Qxf3 21.
Bxf3 Kd7 22. Nc2 Rhc8 23. Na1 Bb4 24. Rxc8 Bxc8 25. Re2 Bb7 26. Rc2 Bd6 27. Nb3
Nb4 28. Nc5+ Ke7 0-1

[Event "1. liga V 18/19, Litovel-Polabiny"]
[Site ""]
[Date "2019.02.03"]
[Round "7.1"]
[White "Krejci, Jan"]
[Black "Varejcko, Josef"]
[Result "1-0"]
[WhiteElo "2558"]
[BlackElo "2229"]
[PlyCount "0"]
[WhiteTeam "TJ Tatran Litovel"]
[BlackTeam "2222 SK Polabiny "C""]
[EventDate "2018.10.21"]

1. e4 g6 2. d4 Bg7 3. Nc3 c5 4. d5 d6 5. Bb5+ Nd7 6. a4 a6 7. Be2 Bxc3+ 8. bxc3
Ngf6 9. f3 b6 10. g4 h5 11. g5 Ng8 12. c4 Qc7 13. Bb2 Rh7 14. Qd2 f6 15. Nh3
Ne5 16. Nf2 Nf7 17. gxf6 exf6 18. h4 Bd7 19. Rg1 g5 20. hxg5 fxg5 21. f4 g4 22.
e5 dxe5 23. fxe5 O-O-O 24. Nd3 Bf5 25. O-O-O Qe7 26. a5 b5 27. Qf4 Qg5 28. Qxg5
Nxg5 29. Nxc5 bxc4 30. e6 Bd3 31. cxd3 Rxd5 32. d4 1-0

[Event "1. liga V 18/19, Litovel-Polabiny"]
[Site ""]
[Date "2019.02.03"]
[Round "7.2"]
[White "Jirasek, Pavel"]
[Black "Belunek, Vladimir"]
[Result "1-0"]
[WhiteElo "2269"]
[BlackElo "2211"]
[PlyCount "0"]
[WhiteTeam "2222 SK Polabiny "C""]
[BlackTeam "TJ Tatran Litovel"]
[EventDate "2018.10.21"]

1. e4 c5 2. Nf3 d6 3. c3 Nf6 4. h3 Nbd7 5. Bd3 e5 6. O-O Be7 7. Bc2 O-O 8. d4
b5 9. b4 cxd4 10. cxd4 Bb7 11. Nc3 a5 12. Re1 axb4 13. Nxb5 Ra5 14. dxe5 Nxe5
15. Nbd4 Nxf3+ 16. Qxf3 Re8 17. Nf5 Nxe4 18. Rb1 Bf6 19. Rxb4 Nc5 20. Rxe8+
Qxe8 21. Rxb7 Nxb7 22. Qxb7 Rxa2 23. Nxd6 Qe1+ 24. Kh2 Qe7 25. Qb8+ Qd8 26.
Bxh7+ Kf8 27. Qxd8+ Bxd8 28. Ne4 Bc7+ 29. g3 Bb6 30. Kg2 g6 31. Bh6+ Ke7 32. h4
f5 33. Nd2 Kf6 34. Bg8 Rb2 35. Bg5+ Kg7 36. Be6 Bd4 37. Kf3 Rb6 38. Bc4 Rb4 39.
Bd3 Ra4 40. Be2 Bc3 41. h5 gxh5 42. Nc4 Kg6 43. Be3 Bb4 1-0

[Event "1. liga V 18/19, Litovel-Polabiny"]
[Site ""]
[Date "2019.02.03"]
[Round "7.3"]
[White "Vanek, Ladislav"]
[Black "Gloser, David"]
[Result "0-1"]
[WhiteElo "2263"]
[BlackElo "2160"]
[PlyCount "0"]
[WhiteTeam "TJ Tatran Litovel"]
[BlackTeam "2222 SK Polabiny "C""]
[EventDate "2018.10.21"]

1. d4 g6 2. e4 c6 3. Nc3 d5 4. Nf3 Bg7 5. Be3 dxe4 6. Nxe4 Nd7 7. Bc4 Ngf6 8.
Ng3 O-O 9. Qd2 a5 10. a4 b6 11. Bh6 Ba6 12. Bxa6 Rxa6 13. O-O Ra8 14. Rad1 Re8
15. Bxg7 Kxg7 16. c4 Qc7 17. Qc3 Rac8 18. Rfe1 e6 19. Ne5 Rcd8 20. h3 h5 21.
Qf3 h4 22. Ne4 Rf8 23. Nxf6 Nxf6 24. Qxc6 Qxc6 25. Nxc6 Rd6 26. Ne5 Rfd8 27.
Nf3 Nd7 28. Rc1 Rc8 29. Rc3 Kf6 30. Ne5 Ke7 31. Nxd7 Kxd7 32. Rd1 e5 33. b3
exd4 34. Rcd3 Kc6 35. Rxd4 Rcd8 36. Rxd6+ Rxd6 37. Rb1 0-1

[Event "1. liga V 18/19, Litovel-Polabiny"]
[Site ""]
[Date "2019.02.03"]
[Round "7.4"]
[White "Mojzis, Jaroslav"]
[Black "Strasil, Pavel"]
[Result "1-0"]
[WhiteElo "2104"]
[BlackElo "2038"]
[PlyCount "0"]
[WhiteTeam "2222 SK Polabiny "C""]
[BlackTeam "TJ Tatran Litovel"]
[EventDate "2018.10.21"]

1. Nf3 Nf6 2. g3 g6 3. c4 c5 4. Bg2 d6 5. d4 cxd4 6. Nxd4 Bg7 7. O-O O-O 8. Nc3
a6 9. b3 Qc7 10. Bg5 e6 11. Rc1 h6 12. Bd2 Bd7 13. e3 Nc6 14. Nd5 Qd8 15. Nxf6+
Bxf6 16. Nxc6 Bxc6 17. e4 h5 18. Bb4 Be7 19. Qd2 Qc7 20. Rfd1 Rfd8 21. Bc3 Bf8
22. Qd4 e5 23. Qd3 b5 24. Qd2 Qb7 25. Ba5 Re8 26. Re1 Rac8 27. Bh3 Bxe4 28.
Bxc8 Rxc8 29. cxb5 Rxc1 30. Rxc1 axb5 31. Bb4 Bh1 32. f3 Bxf3 33. Bxd6 Bg7 34.
Qc3 Kh7 35. Bxe5 Qa7+ 36. Qc5 Qxa2 37. Qf2 Qxf2+ 38. Kxf2 Bh6 39. Rc8 Bg7 40.
Bxg7 Bg4 41. Rb8 Kxg7 42. Rxb5 Be6 43. b4 Kf6 44. Ke3 Ke7 45. Kd4 f6 46. Rc5
1-0

[Event "1. liga V 18/19, Litovel-Polabiny"]
[Site ""]
[Date "2019.02.03"]
[Round "7.5"]
[White "Krejci, Jan"]
[Black "Kourek, Josef"]
[Result "1/2-1/2"]
[WhiteElo "2100"]
[BlackElo "2111"]
[PlyCount "0"]
[WhiteTeam "TJ Tatran Litovel"]
[BlackTeam "2222 SK Polabiny "C""]
[EventDate "2018.10.21"]

1. Nf3 Nf6 2. c4 g6 3. b3 Bg7 4. Bb2 c5 5. g3 Nc6 6. Bg2 O-O 7. O-O d6 8. d4
cxd4 9. Nxd4 Bd7 10. Re1 Rc8 11. Na3 Qa5 12. Nac2 Qh5 13. e4 Bg4 14. f3 Bh3 15.
Qe2 Bxg2 16. Kxg2 Rfd8 17. Rad1 Qa5 1/2-1/2

[Event "1. liga V 18/19, Litovel-Polabiny"]
[Site ""]
[Date "2019.02.03"]
[Round "7.6"]
[White "Just, Pavel"]
[Black "Neoral, Antonin"]
[Result "1/2-1/2"]
[WhiteElo "1969"]
[BlackElo "2115"]
[PlyCount "0"]
[WhiteTeam "2222 SK Polabiny "C""]
[BlackTeam "TJ Tatran Litovel"]
[EventDate "2018.10.21"]

1. e4 c5 2. Nf3 Nc6 3. c4 e5 4. d3 g6 5. g3 Bg7 6. Bg2 Nge7 7. O-O d6 8. Nc3
O-O 9. Nd5 Nxd5 10. cxd5 Ne7 11. Ng5 h6 12. Nh3 Bd7 13. f4 exf4 14. gxf4 Qb6
15. Kh1 f5 16. Re1 fxe4 17. dxe4 Rae8 18. Rb1 Kh7 19. Bd2 1/2-1/2

[Event "1. liga V 18/19, Litovel-Polabiny"]
[Site ""]
[Date "2019.02.03"]
[Round "7.7"]
[White "Svancara, Petr"]
[Black "Jirousek, Jan"]
[Result "1-0"]
[WhiteElo "2178"]
[BlackElo "1906"]
[PlyCount "0"]
[WhiteTeam "TJ Tatran Litovel"]
[BlackTeam "2222 SK Polabiny "C""]
[EventDate "2018.10.21"]

1. e4 c6 2. Nc3 d5 3. d3 dxe4 4. Nxe4 Nf6 5. Nxf6+ exf6 6. Nf3 Bd6 7. Be3 O-O
8. Be2 Qc7 9. Qd2 Rd8 10. h3 Nd7 11. O-O Nf8 12. d4 Ng6 13. Rfd1 Be6 14. c4 Nf4
15. Bf1 g5 16. Rac1 Ng6 17. d5 Bf4 18. Bxf4 Nxf4 19. Qc3 cxd5 20. Qxf6 dxc4 21.
Nxg5 Bd5 22. Rd4 Ng6 23. Rcd1 Qc6 24. Qxc6 bxc6 25. Bxc4 Ne7 26. g4 Rab8 27. b3
Re8 28. Ne4 Kg7 29. Ng3 Kf6 30. f4 Rbd8 31. h4 Rb8 32. g5+ Kg7 33. Nh5+ Kg6 34.
Nf6 Red8 35. h5+ Kg7 36. h6+ Kh8 37. Bxd5 cxd5 38. Re1 Nf5 39. Rxd5 Rxd5 40.
Nxd5 Nd4 41. Re7 Rd8 42. Rxf7 Kg8 43. Rg7+ Kf8 44. Nf6 Rd6 45. Nxh7+ Ke8 46.
Nf6+ 1-0

[Event "1. liga V 18/19, Litovel-Polabiny"]
[Site ""]
[Date "2019.02.03"]
[Round "7.8"]
[White "Brozka, Karel"]
[Black "Gerych, Jan"]
[Result "0-1"]
[WhiteElo "1870"]
[BlackElo "2004"]
[PlyCount "0"]
[WhiteTeam "2222 SK Polabiny "C""]
[BlackTeam "TJ Tatran Litovel"]
[EventDate "2018.10.21"]

1. d4 Nf6 2. Nf3 e6 3. c3 b6 4. Bf4 Bb7 5. Nbd2 Be7 6. e3 O-O 7. Bd3 d5 8. O-O
Nbd7 9. Re1 c5 10. Bg3 Ne4 11. Rc1 Nxg3 12. hxg3 f5 13. c4 Bd6 14. Qc2 g6 15.
b3 Rc8 16. Qb1 e5 17. dxe5 Nxe5 18. Nxe5 Bxe5 19. cxd5 Bxd5 20. Bc4 Kg7 21.
Bxd5 Qxd5 22. Red1 Qe6 23. Nc4 Rcd8 24. Rxd8 Rxd8 25. Rd1 Rxd1+ 26. Qxd1 Bc7
27. a4 a6 28. Qd3 h5 29. Kf1 Kh6 30. Nd2 Qd6 31. Qc3 Kh7 32. Ke2 b5 33. Nf3 Bd8
34. Qe5 Qxe5 35. Nxe5 Bb6 36. Kd3 Kg7 37. f4 c4+ 38. bxc4 bxa4 39. Nc6 a3 40.
Nb4 Kf7 41. e4 Bc5 42. Na2 fxe4+ 43. Kxe4 Ke6 44. Nc3 Bf2 45. g4 hxg4 46. Na2
a5 47. Nc1 Bc5 48. Na2 Bb4 49. Nc1 Bd2 50. Na2 Kd6 51. Kd4 Bxf4 52. c5+ Kc6 53.
Kc4 Be3 54. Nc3 Bxc5 55. Na2 Bb4 56. Nc1 Kd6 57. Kd4 Ke6 58. Ke4 Kf6 59. Na2
Kg5 60. Ke3 Kh4 61. Kf2 Bc5+ 62. Ke2 Kg3 63. Kf1 Be3 64. Nc3 Bd2 65. Na2 Kh2
66. Kf2 g3+ 67. Kf1 Kh1 68. Ke2 Kxg2 69. Kxd2 Kf1 0-1

[Event "1. liga V 18/19, Ostrava-Orlova"]
[Site ""]
[Date "2019.02.03"]
[Round "7.1"]
[White "Caletka, Radomir"]
[Black "Kislinsky, Alexey"]
[Result "0-1"]
[WhiteElo "2304"]
[BlackElo "2426"]
[PlyCount "0"]
[WhiteTeam "TJ Ostrava"]
[BlackTeam "SK Slavia Orlova"]
[EventDate "2018.10.21"]

1. e4 c5 2. Nf3 a6 3. c4 e6 4. Nc3 d6 5. d4 cxd4 6. Nxd4 Nf6 7. Be2 Be7 8. O-O
O-O 9. Be3 b6 10. Qd2 Bb7 11. f3 Qc7 12. Rac1 Nbd7 13. Rfd1 Rac8 14. Bf1 Qb8
15. Kh1 Rfe8 16. a3 Bd8 17. Rc2 Ne5 18. Na4 h5 19. b4 h4 20. h3 Nh5 21. Nb2
Ng3+ 22. Kg1 Ng6 23. Bd3 Bf6 24. Ne2 Nxe2+ 25. Bxe2 d5 26. exd5 exd5 27. Bxb6
Nf4 28. Bf1 Bxb2 29. Rxb2 dxc4 30. Qd6 Qxd6 31. Rxd6 Re1 32. Kf2 c3 33. Rc2 Rb1
34. Bc5 Re8 35. Bd4 Rd1 36. Bc5 Bd5 37. Rxc3 Rd2+ 38. Kg1 Re1 39. Re3 Rxg2+ 0-1

[Event "1. liga V 18/19, Ostrava-Orlova"]
[Site ""]
[Date "2019.02.03"]
[Round "7.2"]
[White "Mrazek, Lumir"]
[Black "Klima, Lukas"]
[Result "1/2-1/2"]
[WhiteElo "2365"]
[BlackElo "2339"]
[PlyCount "0"]
[WhiteTeam "SK Slavia Orlova"]
[BlackTeam "TJ Ostrava"]
[EventDate "2018.10.21"]

1. e4 c5 2. Nc3 Nc6 3. f4 e6 4. Nf3 Nge7 5. Bb5 a6 6. Bxc6 Nxc6 7. O-O Be7 8.
d3 d5 9. Ne5 Nxe5 10. fxe5 dxe4 11. Nxe4 Qd4+ 12. Kh1 Qxe5 13. Bf4 Qd4 14. Qh5
O-O 15. Be5 Qd8 16. Nf6+ Bxf6 17. Bxf6 gxf6 18. Rf3 e5 19. Raf1 Be6 20. Rxf6 e4
21. Qg5+ Kh8 22. Qe5 Kg8 23. Qg5+ Kh8 24. Qe5 Kg8 25. Qg5+ 1/2-1/2

[Event "1. liga V 18/19, Ostrava-Orlova"]
[Site ""]
[Date "2019.02.03"]
[Round "7.3"]
[White "Malik, Jan"]
[Black "Nedela, Vlastimil"]
[Result "1/2-1/2"]
[WhiteElo "2300"]
[BlackElo "2320"]
[PlyCount "0"]
[WhiteTeam "TJ Ostrava"]
[BlackTeam "SK Slavia Orlova"]
[EventDate "2018.10.21"]

1. e4 d5 2. exd5 Qxd5 3. Nc3 Qd6 4. d4 Nf6 5. Nf3 c6 6. g3 Bf5 7. Bg2 e6 8. O-O
Be7 9. Bf4 Qb4 10. Qd2 Nbd7 11. a3 Qb6 12. Na4 Qa6 13. b3 O-O 14. Rfe1 Rac8 15.
Nh4 Bg6 16. Nxg6 hxg6 17. c4 b5 18. Nb2 Rfd8 19. Qe2 bxc4 20. bxc4 Nb6 21. Qe3
Rd7 22. Bh3 Kf8 23. Qc3 Rcd8 24. Be5 Rb7 25. Bg2 Na4 26. Nxa4 Qxa4 27. Reb1
Rxb1+ 28. Rxb1 Nd7 29. Bc7 Rc8 30. Bf4 g5 31. Be3 Nb6 32. c5 Nd5 33. Bxd5 cxd5
34. Qb4 Qa6 35. Qb7 Qxb7 36. Rxb7 e5 37. dxe5 Bxc5 38. Bxc5+ Rxc5 39. Rxa7 d4
40. Rd7 Rc4 41. Kf1 g4 42. Ke2 Ra4 43. f3 Rxa3 44. fxg4 Ra2+ 45. Kf3 Rxh2 46.
Rxd4 Ke7 47. g5 Ke6 48. g6 fxg6 49. Re4 Rh5 50. Kg4 Rxe5 51. Rxe5+ Kxe5 52. Kg5
Ke4 53. Kxg6 Kf3 54. Kxg7 1/2-1/2

[Event "1. liga V 18/19, Ostrava-Orlova"]
[Site ""]
[Date "2019.02.03"]
[Round "7.4"]
[White "Olsarova, Karolina"]
[Black "Mrva, Marek"]
[Result "1-0"]
[WhiteElo "2265"]
[BlackElo "2103"]
[PlyCount "0"]
[WhiteTeam "SK Slavia Orlova"]
[BlackTeam "TJ Ostrava"]
[EventDate "2018.10.21"]

1. e4 c5 2. Nf3 Nc6 3. d4 cxd4 4. Nxd4 Nf6 5. Nc3 e5 6. Ndb5 d6 7. Bg5 a6 8.
Na3 b5 9. Nd5 Be7 10. Bxf6 Bxf6 11. c3 Bg5 12. Nc2 O-O 13. h4 Bh6 14. g3 Kh8
15. Bg2 Be6 16. O-O Ra7 17. a4 bxa4 18. Rxa4 a5 19. Na3 Ne7 20. Nxe7 Qxe7 21.
Nc4 Ra6 22. Qe2 Qa7 23. Rfa1 f5 24. exf5 Bxf5 25. Rxa5 Rxa5 26. Rxa5 Qc7 27.
Bd5 g5 28. Qh5 Qg7 29. hxg5 Bxg5 30. Nxd6 Be3 31. Nxf5 Rxf5 32. Ra8+ Rf8 33.
Rxf8+ Qxf8 34. Qxe5+ 1-0